50 US States in 1 Minute - Statistics

General Stats
  • This quiz has been taken 323 times
  • The average score is 24 of 50
Answers on the Map
Answers color-coded by a green-red scale on the quiz's map according to % correct below.
 
Answer Stats
Answer % Correct
California
80%
Alaska
78%
Texas
74%
Arizona
71%
Idaho
71%
Hawaii
70%
Florida
69%
Maine
63%
Michigan
63%
Oregon
63%
Washington
63%
Colorado
62%
Nevada
62%
Montana
61%
Utah
61%
Alabama
58%
Georgia
56%
Iowa
54%
New York
54%
Illinois
53%
New Mexico
53%
North Dakota
52%
Arkansas
51%
Nebraska
51%
Kansas
49%
South Dakota
49%
Ohio
48%
Indiana
47%
Wyoming
47%
Vermont
45%
Louisiana
43%
Oklahoma
43%
Missouri
40%
Mississippi
39%
Minnesota
38%
Kentucky
34%
Wisconsin
34%
Connecticut
33%
South Carolina
33%
North Carolina
31%
Delaware
30%
Massachusetts
30%
New Hampshire
30%
Virginia
30%
Maryland
29%
New Jersey
28%
Pennsylvania
26%
Rhode Island
22%
West Virginia
22%
Tennessee
20%
No matching quizzes found
Score Distribution
Percent of People with Each Score
Percentile by Number Answered
Your Score History
You have not taken this quiz